| 000 | 00328nam a2200109Ia 4500 | ||
|---|---|---|---|
| 008 | 171211s9999 xx 000 0 und d | ||
| 245 | _aAs If God Existed: Religion and Liberty in the History of Italy | ||
| 245 | _cMaurizio Viroli | ||
| 260 | _c2012 | ||
| 650 | _xRELIGION | ||
| 856 | _uhttp://down.ebook777.com/063/0691142351.pdf | ||
| 999 |
_c350587 _d350587 |
||